African initiatives in religion / (Record no. 12306)

MARC details
000 -LEADER
fixed length control field 00617cam a22002052 4500
001 - CONTROL NUMBER
control field 0000000393
005 - DATE AND TIME OF LATEST TRANSACTION
control field 20151217155800.0
008 - FIXED-LENGTH DATA ELEMENTS--GENERAL INFORMATION
fixed length control field 070126s xx 000 0 eng d
040 ## - CATALOGING SOURCE
Original cataloging agency KABU
Transcribing agency KABU
050 #0 - LIBRARY OF CONGRESS CALL NUMBER
Classification number BL2464
Item number .A37
245 10 - TITLE STATEMENT
Title African initiatives in religion /
Statement of responsibility, etc. ed. by David B. Barret.
260 ## - PUBLICATION, DISTRIBUTION, ETC. (IMPRINT)
Place of publication, distribution, etc. Nairobi :
Name of publisher, distributor, etc. EAPH,
Date of publication, distribution, etc. 1971.
300 ## - PHYSICAL DESCRIPTION
Extent xviii, 288 p.
651 #0 - SUBJECT ADDED ENTRY--GEOGRAPHIC NAME
Geographic name Africa, East
General subdivision Religion.
-- 0000148561
651 #0 - SUBJECT ADDED ENTRY--GEOGRAPHIC NAME
Geographic name Africa, Central
General subdivision Religion.
-- 0000148562
700 1# - ADDED ENTRY--PERSONAL NAME
Personal name Barrett, David B.
-- 0000098548
908 ## - PUT COMMAND PARAMETER (RLIN)
Put command parameter 070126
950 ## - LOCAL HOLDINGS (RLIN)
-- 1
Holdings
Withdrawn status Lost status Source of classification or shelving scheme Not for loan Home library Current library Date acquired Total Checkouts Full call number Barcode Date last seen Price effective from Koha item type
    Library of Congress Classification   Kabarak, Main Campus Kabarak, Main Campus 17/12/2015   BL2464 .A37 006358 17/12/2015 17/12/2015 Africana Collection
Designed with assistance from East African Informatics Ltd